Music Quiz

Random Music or Broadway Quiz

Little Women - Here Alone Lyrics Quiz Stats

 Plays Quiz not verified by Sporcle

Score 0/185 Timer 10:00
0 Plays Today
Answer % Correct
a
92.6%
the
92.6%
And
92.6%
the
92.6%
the
92.6%
the
92.6%
the
92.6%
the
92.6%
the
92.6%
the
92.6%
The
92.6%
My
90.7%
be
90.7%
you
90.7%
Be
90.7%
to
90.7%
my
90.7%
you
90.7%
you
90.7%
you
90.7%
you
90.7%
to
90.7%
to
90.7%
you
90.7%
you
90.7%
you
90.7%
to
90.7%
my
90.7%
be
90.7%
you
90.7%
you
90.7%
is
88.9%
I'm
88.9%
is
88.9%
Is
88.9%
I'm
88.9%
love
87%
with
87%
with
87%
am
87%
here
87%
alone
87%
when
87%
am
87%
here
87%
alone
87%
Do
87%
Can
87%
when
87%
Do
87%
with
87%
am
87%
here
87%
alone
87%
Dear
85.2%
Write
85.2%
letter
85.2%
every
85.2%
Every
85.2%
bring
85.2%
of
85.2%
don't
85.2%
Answer % Correct
We
85.2%
of
85.2%
not
85.2%
me
85.2%
me
85.2%
bring
85.2%
tell
83.3%
fine
83.3%
word
83.3%
That
83.3%
tell
83.3%
How
83.3%
for
83.3%
this
83.3%
how
83.3%
At
83.3%
this
83.3%
How
83.3%
were
83.3%
how
83.3%
that
83.3%
were
83.3%
that
83.3%
that
83.3%
Husband
81.5%
everything
81.5%
Send
81.5%
I
81.5%
I
81.5%
can't
81.5%
I
81.5%
can't
81.5%
I
81.5%
know
81.5%
I
81.5%
know
81.5%
I
81.5%
know
81.5%
I
81.5%
I
81.5%
I
81.5%
I
81.5%
know
81.5%
I
81.5%
I
81.5%
I
81.5%
I
81.5%
could
81.5%
I
81.5%
line
79.6%
should
79.6%
should
79.6%
what
79.6%
war
79.6%
What
79.6%
much
79.6%
miss
79.6%
day
79.6%
wish
79.6%
they
79.6%
wish
79.6%
Wish
79.6%
Answer % Correct
much
79.6%
its
77.8%
Nothing
77.8%
or
77.8%
or
77.8%
women
77.8%
away
77.8%
women
77.8%
need
77.8%
so
77.8%
closer
75.9%
remind
75.9%
feeling
75.9%
talk
75.9%
about
75.9%
Brings
75.9%
which
75.9%
little
75.9%
Will
75.9%
there
75.9%
them
75.9%
now
75.9%
home
75.9%
Now
75.9%
raising
74.1%
life
74.1%
hour
74.1%
take
74.1%
four
74.1%
young
74.1%
inventive
72.2%
church
72.2%
bells
72.2%
our
72.2%
what's
72.2%
days
72.2%
certain
72.2%
battle
70.4%
Counting
70.4%
Come
70.4%
manage
70.4%
even
70.4%
caress
68.5%
harder
68.5%
news
68.5%
meant
68.5%
choose
68.5%
fears
68.5%
night
68.5%
attentive
66.7%
unknown
66.7%
fail
66.7%
distance
64.8%
tone
64.8%
pealing
64.8%
doors
64.8%
Praying
64.8%
twilight
64.8%
longer
64.8%
part
59.3%
seems
59.3%

You're not logged in!

Compare scores with friends on all Sporcle quizzes.
OR
Log In

Sporcle TV

Today on Sporcle TV


Watch our educational content, quiz creation guides, and fun videos on Sporcle TV.

Show Comments

Extras

Top Quizzes Today


Score Distribution

Your Account Isn't Verified!

In order to create a playlist on Sporcle, you need to verify the email address you used during registration. Go to your Sporcle Settings to finish the process.

Report this User

Report this user for behavior that violates our Community Guidelines.

Details: